Catholic University of Zimbabwe Library
Online Public Access Catalogue
(OPAC)

The Gospel According to St. Mark: (Record no. 45561)

MARC details
000 -LEADER
fixed length control field 00673nam a22001817a 4500
008 - FIXED-LENGTH DATA ELEMENTS--GENERAL INFORMATION
fixed length control field 260330b |||||||| |||| 00| 0 eng d
040 ## - CATALOGING SOURCE
Original cataloging agency CUZ
Language of cataloging eng
Transcribing agency CUZ
Modifying agency rda
Description conventions CUZ
050 ## - LIBRARY OF CONGRESS CALL NUMBER
Classification number BS2585.3C6COL
100 ## - MAIN ENTRY--PERSONAL NAME
Personal name R. Alan Cole
245 ## - TITLE STATEMENT
Title The Gospel According to St. Mark:
Remainder of title An Introduction and Commentary (Tyndale New Testament Commentaries)
Statement of responsibility, etc. by R. Alan Cole
264 ## - PRODUCTION, PUBLICATION, DISTRIBUTION, MANUFACTURE, AND COPYRIGHT NOTICE
Place of production, publication, distribution, manufacture London
Name of producer, publisher, distributor, manufacturer The Tyndale press
Date of production, publication, distribution, manufacture, or copyright notice ©
300 ## - PHYSICAL DESCRIPTION
Extent 263pages
650 ## - SUBJECT ADDED ENTRY--TOPICAL TERM
Topical term or geographic name entry element Philosophy, Psychology and Religion 
-- The Bible 
-- Special parts of the New Testament
942 ## - ADDED ENTRY ELEMENTS (KOHA)
Koha item type OS Book
Item part 2585.3C6COL
Call number prefix BS
336 ## - CONTENT TYPE
Content type term text
Content type code txt
337 ## - MEDIA TYPE
Media type term unmediated
Media type code n
338 ## - CARRIER TYPE
Source rdacarrier
Holdings
Withdrawn status Lost status Source of classification or shelving scheme Damaged status Not for loan Home library Current library Shelving location Date acquired Source of acquisition Cost, normal purchase price Inventory number Total Checkouts Full call number Barcode Date last seen Cost, replacement price Price effective from Koha item type
          CUZ Harare Campus CUZ Harare Campus Open Shelf 09.03.2026 Donation 40.00 CUZ16946   BS2585.3C6COL BK011312 30.03.2026 40.00 30.03.2026 OS Book

OPENING HOURS

Weekdays: 0815hrs - 1800hrs
Weekends:0900hrs - 1200hrs

Closed for Mass:

Mon, Thur: 1200hrs - 1300hrs
Sunday & Public Holiday’s

CALL SUPPORT

0242-570570, 0242-570169
09200664, +263 8644140602

LOCATION

18443, Cranborne Avenue, Hatfield, Harare

Other Links


©2021 | CUZ Library